| 000 | 01113nam a2200301Ia 4500 | ||
|---|---|---|---|
| 005 | 20211105120340.0 | ||
| 008 | 130821s1989 mx gr spa | ||
| 020 | _a96816231420 | ||
| 020 | _a9583800481 (1985) | ||
| 020 | _a9789583800481 | ||
| 040 |
_aCo-BoUCM _bspa _cDeissy Garcia (modificó) _d[Nuevo] |
||
| 041 | 0 | 0 | _aspa |
| 100 | 1 |
_aBobbio, Norberto _d1909-2004 _928686 |
|
| 245 | 1 | 0 |
_aEstado, gobierno y sociedad por una teoría general de la política _cNorberto Bobbio; traducción de José Florencio Fernández Santillán. |
| 260 |
_aMéxico D.F. (México) _bFondo de Cultura Económica _c1989 |
||
| 300 | _a243 páginas | ||
| 490 | 0 |
_aBreviarios _v487 |
|
| 650 | 0 | 4 |
_aCiencia política _9340 |
| 650 | 0 | 4 |
_aDemocracia _912617 |
| 650 | 0 | 4 |
_aDerecho público _912826 |
| 650 | 0 | 4 |
_aEstado _97594 |
| 650 | 0 | 4 |
_aSociedad civil _924718 |
| 650 | 0 | 4 |
_aTotalitarismo _925542 |
| 700 | 1 |
_aFernández Santillón, José Florencio _9103029 |
|
| 765 | 0 | _tStato, governo, societa. Per una teoria generale della politica | |
| 942 |
_cLIBRO _a6 _e1 _mB663e _2DEWEY _h320 _n0 |
||
| 999 |
_c30325 _d30325 |
||